[Event "DLM"]
[Site "Binz"]
[Date "1994.??.??"]
[Round "3"]
[White "Wilhelmi, Christian"]
[Black "Hausrath, Daniel"]
[Result "1-0"]
[WhiteElo "2280"]
[BlackElo "2320"]

1.d4 Nf6 2.c4 g6 3.Nc3 Bg7 4.e4 d6 5.Nf3 O-O 6.Be2 e5 7.Be3 exd4 8.Nxd4 Re8
9.f3 c6 10.Bf2 d5 11.exd5 cxd5 12.O-O Nc6 13.c5 Qe7 14.Qd2 Bd7 15.Rfe1 Qxc5
16.Ne6 Qa5 17.b4 Qxb4 18.Nxg7 Kxg7 19.Rab1 Qd6 20.Nb5 Qe5 21.Nd4 Qc7 22.Nb5 Qe5
23.Nd4 Qc7 24.Bg3 Qa5 25.Qd1 Qxa2 26.Bf2 Rab8 27.Ra1 Qb2 28.Nxc6 bxc6 29.Bd4 Qb4
30.Ra4 Qd6 31.Qc1 Re6 32.Bf1 Rxe1 33.Qxe1 c5 34.Ra6 Rb6 35.Be5 Rxa6 36.Bxd6 Rxd6
37.g4 h6 38.h4 Be6 39.Qe5 Rb6 40.g5 hxg5 41.hxg5 Bf5 42.gxf6+ Kh7 43.Qe7  1-0

[Event "GER-ch"]
[Site "Binz"]
[Date "1994.??.??"]
[Round "6"]
[White "Bezold, Michael"]
[Black "Enders, Peter"]
[Result "1/2-1/2"]
[WhiteElo "2475"]
[BlackElo "2450"]

1.Nf3 Nf6 2.c4 g6 3.Nc3 Bg7 4.e4 d6 5.d4 O-O 6.Be2 e5 7.d5 a5 8.Bg5 h6 9.Bh4 Na6
10.Nd2 Qe8 11.O-O Nh7 12.a3 Bd7 13.b3 h5 14.f3 Bh6 15.Ra2 Be3+ 16.Kh1 Qb8
17.Qb1 g5 18.Be1 Bc5 19.Nd1 h4 20.Bf2 Bxf2 21.Rxf2 c5 22.Ne3 Qd8 23.Ndf1 Kh8
24.Bd3 Rg8 25.Ng4 Rg6 26.Nfe3 Nf6 27.Rad2 Qe7 28.Qb2 Kg7 29.Qc3 b6 30.Kg1 Rh8
31.Rd1 Nxg4 32.fxg4 Rf6 33.Rxf6 Qxf6 34.Rf1 Qe7 35.Be2 Rh6 36.Qd2 Qd8 37.Bd1 Qe7
38.Be2 Rh8 39.Bd1  1/2-1/2

[Event "Bled op"]
[Site "Bled"]
[Date "1994.??.??"]
[Round "?"]
[White "Tratar, Marko"]
[Black "Drozdov, Igor"]
[Result "1-0"]
[WhiteElo "2380"]
[BlackElo "2410"]

1.d4 Nf6 2.Nf3 g6 3.c4 Bg7 4.Nc3 O-O 5.e4 d6 6.Be2 e5 7.O-O exd4 8.Nxd4 Re8
9.f3 c6 10.Kh1 Na6 11.Bg5 Qa5 12.Bf4 d5 13.cxd5 cxd5 14.Bb5 Rd8 15.e5 Nh5
16.Bg5 Bxe5 17.Nb3 Qb4 18.Nxd5 Qf8 19.Bxd8 Qxd8 20.Re1 Qd6 21.f4 Nxf4 22.Nxf4 Bxf4
23.Re8+ Kg7 24.Qxd6 Bxd6 25.Bxa6 bxa6 26.Rd1 Bg4 27.Rxa8 Bxd1 28.Rd8 Bxb3
29.Rxd6  1-0

[Event "Bojnice"]
[Site "Bojnice"]
[Date "1994.??.??"]
[Round "3"]
[White "Banas, Jan"]
[Black "Umansky, Vladimir"]
[Result "1/2-1/2"]
[WhiteElo "2390"]
[BlackElo "2265"]

1.c4 g6 2.e4 Bg7 3.d4 d6 4.Nc3 Nf6 5.Be2 O-O 6.Nf3 e5 7.d5 Nbd7 8.O-O Nc5
9.Qc2 a5 10.Bg5 Bg4 11.h3 Bd7 12.Nd2 h6 13.Be3 Ne8 14.b3 f5 15.exf5 Bxf5
16.Nde4 b6 17.f3 Nf6 18.g4 Nfxe4 19.Nxe4 Nxe4 20.fxe4 Bd7 21.Rxf8+ Qxf8 22.Qd2 Qe7
23.Rf1 Rf8 24.Rxf8+  1/2-1/2

[Event "Brno-B"]
[Site "Brno"]
[Date "1994.??.??"]
[Round "2"]
[White "Chernikov, Oleg L"]
[Black "Mudrak, Josef"]
[Result "1/2-1/2"]
[WhiteElo "2390"]
[BlackElo "2290"]

1.d4 Nf6 2.c4 g6 3.Nf3 Bg7 4.Nc3 d6 5.e4 O-O 6.Be2 e5 7.Be3 Ng4 8.Bg5 f6
9.Bc1 c6 10.O-O a5 11.h3 Nh6 12.Be3 Qe7 13.c5 dxc5 14.dxe5 Nf7 15.Na4 Nd7
16.Qb3 fxe5 17.Rac1 Kh8 18.Nxc5 Nf6 19.Rfd1 Bh6 20.Bc4 a4 21.Qc3 Bxe3 22.Qxe3 Nd6
23.a3 b6 24.Nd3 c5 25.Ndxe5 Bb7 26.Bd3 Bxe4 27.Bxe4 Ndxe4 28.Rc4 Qb7 29.Nd7 Rad8
30.Nfe5 b5 31.Rxe4 Qxe4 32.Qxe4 Nxe4 33.Re1 Nd6 34.Nxf8 Rxf8 35.Rd1 Rf5 36.Nxg6+ hxg6
37.Rxd6 Kg7 38.Rb6 c4 39.h4 g5 40.hxg5 Rxg5 41.g3 Rd5 42.Kg2 Kf7 43.g4 Ke7
44.Kf3 Rd3+ 45.Ke4 Rb3 46.g5 Rxb2 47.f4 c3 48.Kd3 Rf2 49.Kxc3 Rf3+ 50.Kd4 Rxf4+
51.Ke5 Rf3 52.Rxb5 Rxa3 53.Rb7+ Kf8 54.Ra7 Rb3 55.Rxa4 Kg7  1/2-1/2

[Event "Bucharest-A"]
[Site "Bucharest"]
[Date "1994.??.??"]
[Round "?"]
[White "Grigore, George"]
[Black "Nevednichy, Vladislav"]
[Result "0-1"]
[WhiteElo "2455"]
[BlackElo "2480"]

1.d4 d6 2.Nf3 g6 3.c4 Bg7 4.Nc3 Nf6 5.e4 O-O 6.Be2 Nbd7 7.O-O e5 8.Re1 Re8
9.Bf1 a6 10.d5 a5 11.Bg5 h6 12.Bh4 g5 13.Bg3 Nf8 14.Nd2 h5 15.f3 Ng6 16.Bf2 b6
17.a3 g4 18.Be2 Bh6 19.Nf1 gxf3 20.Bxf3 Ng4 21.Bg3 Qg5 22.h3 Nf6 23.Kh1 Bd7
24.Bf2 Kh7 25.Nb5 Rac8 26.b4 Rg8 27.Ra2 Nh4 28.Be3 Qg6 29.Bxh6 Qxh6 30.Rf2 Qg6
31.Nh2 axb4 32.axb4 Rg7 33.Nc3 Ra8 34.Qc1 Rag8 35.Qd1 Kh8 36.Ref1 Qg5 37.Qc1 Qg6
38.Qd1 Kh7 39.Qe1 Qg3 40.Ne2 Qg6 41.Nc3 Qg3 42.Ra2 Qg5 43.Qc1 Qg6 44.Qe1 Qg5
45.Qc1 Qg3 46.Qe1 Qxe1 47.Rxe1 Kh6 48.Rea1 Ne8 49.Rf2 f5 50.exf5 Bxf5 51.Bxh5 Rxg2
52.Rxg2 Rxg2 53.Bxe8 Rc2 54.Nb5 Be4+ 55.Kg1 Rg2+ 56.Kf1 Bd3+ 57.Ke1 Rxh2
58.Kd1 e4 59.Ra3 Nf3 60.Kc1 Rc2+  0-1

[Event "Bucharest-A"]
[Site "Bucharest"]
[Date "1994.??.??"]
[Round "?"]
[White "Komarov, Dimitri"]
[Black "Grigore, George"]
[Result "1-0"]
[WhiteElo "2535"]
[BlackElo "2455"]

1.d4 Nf6 2.Nf3 g6 3.c4 Bg7 4.Nc3 O-O 5.e4 d6 6.Be2 Na6 7.O-O e5 8.Re1 Qe8
9.Bg5 Bg4 10.h3 h6 11.Be3 Bd7 12.dxe5 dxe5 13.c5 Bc6 14.Qb1 Bd7 15.b4 c6
16.Nd2 Qe7 17.Nc4 Ne8 18.Na5 Rb8 19.Bxa6 bxa6 20.Rd1 f5 21.f3 Rf7 22.Qb3 Rc8
23.Qc4 f4 24.Bf2 g5 25.Qxa6 h5 26.b5 g4 27.bxc6 Be6 28.Rd7 Bxd7 29.cxd7 Qxd7
30.Rd1 Nc7 31.Qe2 Qe7 32.fxg4 f3 33.gxf3 Rcf8 34.Rd3 Ne6 35.Nd5 Qg5 36.Kg2 hxg4
37.hxg4 Nd4 38.Bxd4 exd4 39.Nc4 Rxf3 40.Rxf3 Qxg4+ 41.Kf2 Qh4+ 42.Kg1 Qg4+
43.Qg2 Qxf3 44.Qxf3 Rxf3 45.c6 Rf8 46.c7 Kf7 47.Nd6+ Ke6 48.c8=Q+ Rxc8 49.Nxc8 d3
50.Kf2 Bd4+ 51.Kf3 Be5 52.Nf4+ Kd7 53.Nxd3 Bd4 54.Nxa7 Bxa7 55.e5 Kc6 56.Ke4 Bb8
57.Kf5  1-0

[Event "Bucharest-B"]
[Site "Bucharest"]
[Date "1994.??.??"]
[Round "?"]
[White "Ionescu, Doru Alexandru"]
[Black "Badea, Bela"]
[Result "0-1"]
[WhiteElo "2310"]
[BlackElo "2380"]

1.d4 Nf6 2.c4 g6 3.Nc3 Bg7 4.e4 d6 5.Nf3 O-O 6.Be2 e5 7.dxe5 dxe5 8.Qxd8 Rxd8
9.Bg5 Nbd7 10.O-O-O Rf8 11.Nd2 c6 12.b4 Re8 13.c5 a5 14.a3 axb4 15.axb4 b6
16.cxb6 Nxb6 17.Nc4 Nxc4 18.Bxc4 Ra3 19.Bd2 Ng4 20.Kb2 Ra8 21.Ra1 Rb8 22.Nd1 Bf8
23.f3 Nf6 24.Ra4 Nd7 25.Bb3 c5 26.Ne3 cxb4 27.Nd5 Bb7 28.Be3 Kg7 29.Rc1 Rec8
30.Rxc8 Bxc8 31.Ra7 Nc5 32.f4 Nxb3 33.Kxb3 Bd6 34.g3 Be6 35.fxe5 Bxe5 36.Bc5 Rd8
37.Kxb4 Bxd5 38.exd5 Rxd5 39.Ra2 Bd6 40.Bxd6 Rxd6 41.Kc5 Rd1 42.Kc4 g5 43.Kc3 Kg6
44.Rf2 f5 45.Kc2  0-1

[Event "Bucharest-B"]
[Site "Bucharest"]
[Date "1994.??.??"]
[Round "?"]
[White "Glodeanu, Ion"]
[Black "Gordan, Nicolae"]
[Result "1/2-1/2"]
[WhiteElo "2305"]
[BlackElo "2295"]

1.d4 Nf6 2.c4 g6 3.Nc3 Bg7 4.e4 d6 5.Be2 O-O 6.Nf3 e5 7.dxe5 dxe5 8.Qxd8 Rxd8
9.Bg5 Re8 10.Nd5 Nxd5 11.cxd5 c6 12.Bc4 b5 13.Bb3 Bb7 14.Rc1 a5 15.a3 a4
16.Ba2 Rc8 17.Be3 Na6 18.dxc6 Rxc6 19.Ng5 Rxc1+ 20.Bxc1  1/2-1/2

[Event "Bucharest-B"]
[Site "Bucharest"]
[Date "1994.??.??"]
[Round "?"]
[White "Gordan, Nicolae"]
[Black "Badea, Bela"]
[Result "1/2-1/2"]
[WhiteElo "2295"]
[BlackElo "2380"]

1.d4 Nf6 2.c4 g6 3.Nc3 Bg7 4.e4 d6 5.Nf3 O-O 6.Be2 e5 7.dxe5 dxe5 8.Qxd8 Rxd8
9.Bg5 Nbd7 10.O-O-O Rf8 11.Nd5 c6 12.Ne7+ Kh8 13.Nd2  1/2-1/2

[Event "Bucharest-B"]
[Site "Bucharest"]
[Date "1994.??.??"]
[Round "?"]
[White "Glodeanu, Ion"]
[Black "Ionescu, Doru Alexandru"]
[Result "0-1"]
[WhiteElo "2305"]
[BlackElo "2310"]

1.Nf3 g6 2.c4 Bg7 3.d4 Nf6 4.Nc3 O-O 5.e4 d6 6.Be2 e5 7.dxe5 dxe5 8.Qxd8 Rxd8
9.Bg5 Rf8 10.Nd5 Nxd5 11.cxd5 c6 12.Bc4 b5 13.Bb3 Bb7 14.Rc1 a5 15.a3 a4
16.Ba2 Rc8 17.Be3 Na6 18.dxc6 Bxc6 19.Rxc6 Rxc6 20.Bd5 Rac8 21.Bxc6 Rxc6
22.Kd2 Nc5 23.Bxc5 Rxc5 24.Kd3 Rc4 25.Re1 f6 26.Nd2 Rd4+ 27.Kc2 Bh6 28.Nb1 Kf7
29.f3 Ke6 30.Rd1 Rxd1 31.Kxd1 Kd6 32.Nc3 Kc5 33.Kc2 Kc4 34.Nd5 Bg5 35.Nc7 f5
36.Ne6 Be7 37.g4 fxg4 38.fxg4 b4 39.axb4 Bxb4 40.h3 Be7 41.g5 Bc5 42.Nc7 Be3
43.Ne6 Bf2 44.Nf8 Kd4 45.Nxh7 Kxe4 46.Nf6+ Kf5 47.Nd5 Kxg5 48.Nc3 Kf4 49.Nxa4 e4
50.b4 Kf3 51.Nc5 Bd4 52.Ne6 Bf6 53.b5 e3 54.Nc5 Bd4 55.Nd3 g5 56.Kd1 Bb6
57.Nc1 Kg3 58.Ke2 Kxh3 59.Nd3 g4 60.Nf4+  0-1

[Event "ROM-ch"]
[Site "Bucharest"]
[Date "1994.??.??"]
[Round "6"]
[White "Dumitrache, Dragos"]
[Black "Grigore, George"]
[Result "1/2-1/2"]
[WhiteElo "2475"]
[BlackElo "2440"]

1.d4 Nf6 2.c4 g6 3.Nc3 Bg7 4.e4 d6 5.Be2 O-O 6.Nf3 e5 7.d5 a5 8.Bg5 h6 9.Bh4 Na6
10.O-O Qe8 11.Nd2 Nh7 12.a3 Bd7 13.Kh1 a4 14.Nb5 h5 15.f3 Bh6 16.Be1 Bxb5
17.cxb5 Nc5 18.b4 axb3 19.Nxb3 Be3 20.Nxc5 Bxc5 21.a4 b6 22.Bd2 Qe7 23.Bd3 Rfe8
24.Qc2 Nf8 25.a5 bxa5 26.Bxa5 Ra7 27.Bd2 Rea8 28.Ra6 Nd7 29.Rfa1 Qd8 30.Bf1 Qb8
31.g3 Qb7 32.R1a4 Nb8 33.Rxa7 Rxa7 34.Qa2 Rxa4 35.Qxa4 Ba7 36.b6  1/2-1/2

[Event "ROM-ch"]
[Site "Bucharest"]
[Date "1994.??.??"]
[Round "9"]
[White "Grigore, George"]
[Black "Nevednichy, Vladislav"]
[Result "1/2-1/2"]
[WhiteElo "2440"]
[BlackElo "2470"]

1.d4 d6 2.Nf3 g6 3.c4 Bg7 4.Nc3 Nf6 5.e4 O-O 6.Be2 Nbd7 7.O-O e5 8.Re1 Re8
9.Bf1 a6 10.d5 a5 11.Na4 Nh5 12.g3 Bf8 13.Qc2 Ng7 14.Bh6 Be7 15.a3 Rf8 16.Bh3 b6
17.b4 axb4 18.axb4 Nf6 19.Bxc8 Qxc8 20.c5 bxc5 21.bxc5 Qh3 22.Bg5 Qh5 23.Bxf6 Bxf6
24.Nd2 Be7 25.cxd6 Bxd6 26.Nc5 Qh3 27.Rxa8 Rxa8 28.Nb7 Ne8 29.Qc6 Rb8 30.Rc1 Qg4
31.f3 Qg5 32.Nf1 h5 33.Rb1 Bf8 34.h4 Qe7 35.Rb3 Nd6 36.Na5 Rxb3 37.Nxb3 f5
38.Nc5 f4 39.Ne6 fxg3 40.Qxc7 Qxc7 41.Nxc7 Be7 42.Nxg3 Bxh4 43.Ne2 Bd8 44.Ne6 Bb6+
45.Kg2 Kf7 46.Nc1 Nc4  1/2-1/2

[Event "Ciocaltea mem"]
[Site "Bucharest"]
[Date "1994.??.??"]
[Round "9"]
[White "Grigore, George"]
[Black "Itkis, Boris"]
[Result "1/2-1/2"]
[WhiteElo "2455"]
[BlackElo "2475"]

1.d4 d6 2.Nf3 Nf6 3.c4 g6 4.Nc3 Bg7 5.e4 O-O 6.Be2 Nbd7 7.O-O e5 8.Re1 Re8
9.Bf1 a6 10.d5 a5 11.Bg5 h6 12.Bh4 Bf8 13.a3 Be7 14.b4 Rf8 15.Qc2 Kh8 16.Nb5 Ne8
17.Bxe7 Qxe7 18.Nd2 f5 19.exf5 gxf5 20.c5 axb4 21.cxd6 cxd6 22.axb4 Rxa1
23.Rxa1 Nb6 24.Nc4 Nxc4 25.Qxc4 Nf6 26.Ra7 f4 27.Ra8 Bd7 28.Rxf8+ Qxf8 29.Qc7 Bxb5
30.Bxb5 f3 31.Qxb7 Qg8 32.g3 Qxd5 33.Qc8+ Kg7 34.Qc7+ Kg6 35.Bf1 Qd2 36.Qb7 e4
37.b5 d5 38.Qc6 e3 39.fxe3 Qxe3+ 40.Kh1 h5 41.Qc2+ Ne4 42.Qc6+ Nf6 43.Qc2+ Kh6
44.Qb2 d4 45.Qc2 Ne4 46.Qc6+ Kg7 47.Qd7+ Kf6 48.Qd8+ Kg7  1/2-1/2

[Event "ROM-ch"]
[Site "Bucharest"]
[Date "1994.??.??"]
[Round "11"]
[White "Dumitrache, Dragos"]
[Black "Nevednichy, Vladislav"]
[Result "0-1"]
[WhiteElo "2475"]
[BlackElo "2470"]

1.d4 d6 2.Nf3 g6 3.c4 Bg7 4.Nc3 e5 5.e4 Nd7 6.Be2 Ngf6 7.O-O O-O 8.Re1 Re8
9.Bf1 a6 10.Rb1 exd4 11.Nxd4 c6 12.Bg5 h6 13.Bh4 a5 14.f3 Ne5 15.Na4 Qc7
16.Rc1 Ned7 17.Nb3 Nh5 18.Bf2 b6 19.Qd2 Nc5 20.Nc3 g5 21.Nd4 Bd7 22.Rcd1 Be5
23.g3 Qd8 24.Bg2 Qf6 25.Be3 Kh8 26.Rf1 Qg7 27.Kh1 Rg8 28.Qf2 Rae8 29.Rg1 Qf6
30.Nde2 Qe6 31.b3 Bg7 32.Nd4 Qg6 33.Qe1 Be5 34.Nde2 f5 35.exf5 Bxf5 36.g4 Bc2
37.Rd2 Nf4 38.Qc1 Bxc3 39.Nxf4 gxf4 40.Bxc5 bxc5 41.Rxc2 Bd4 42.Rd1 Re3 43.Rcd2 Rge8
44.Rf1 Qf6 45.Qc2 Qh4 46.Qg6 R3e6 47.Qf7 Re1 48.Rd1 R1e7 49.Qg6 Re6 50.Qf7 R6e7
51.Qg6 Re2 52.Rd2 Qg5 53.Qf7 R2e7 54.Qf5 Qxf5 55.gxf5 Re2 56.Rxe2 Rxe2 57.Bh3 Kg7
58.f6+ Kxf6 59.Bd7 d5 60.Bxc6 dxc4 61.Bb5 cxb3 62.axb3 Rb2 63.Bc4 Ke5 64.Re1+ Be3
65.Rd1 Bd2 66.Kg2 Kd4 67.Bf7 Ke3 68.Bd5 Kd4 69.Bf7 Ke3 70.Bd5 Rc2 71.Kh3 Rc3
72.Kg4 Rd3 73.Bc4 Rd4 74.Ra1 h5+ 75.Kxh5 Kxf3 76.Kg6 Rxc4 77.bxc4 Ke2 78.Kf5 f3
79.Ke4 f2 80.h4 a4 81.h5 a3  0-1

[Event "ROM-ch"]
[Site "Bucharest"]
[Date "1994.??.??"]
[Round "13"]
[White "Ionescu, Constantin"]
[Black "Ceteras, Marius"]
[Result "1-0"]
[WhiteElo "2465"]
[BlackElo "2330"]

1.d4 Nf6 2.c4 d6 3.Nc3 Nbd7 4.e4 e5 5.Nf3 g6 6.Be2 Bg7 7.O-O O-O 8.Re1 Re8
9.Bf1 a6 10.Rb1 exd4 11.Nxd4 Nc5 12.f3 Nfd7 13.Be3 Ne5 14.Qc2 Ne6 15.Rbd1 Nxd4
16.Bxd4 Be6 17.b3 Rc8 18.Ne2 Qe7 19.f4 Nc6 20.Bxg7 Kxg7 21.Nc3 f6 22.Nd5 Qf7
23.Qc3 Nb8 24.c5 dxc5 25.Qxc5 Bxd5 26.Rxd5 Nd7 27.Qc3 Nb6 28.Rd2 Rcd8 29.Rc2 c6
30.g3 Qd7 31.e5 fxe5 32.Rxe5 Rxe5 33.Qxe5+ Kg8 34.Re2 Kf7 35.Bh3 Qd4+ 36.Qxd4 Rxd4
37.Kf2 a5 38.Ke3 Rd1 39.Kf3 a4 40.bxa4 Nxa4 41.Be6+ Kf8 42.Bb3 Rd3+ 43.Re3 Rxe3+
44.Kxe3 Nb6 45.a4 Nd7 46.a5 Ke7 47.Kd4 Kd6 48.h4 Nf6 49.Bd1 Nd5 50.Bf3 Ne7
51.g4 h5 52.gxh5 gxh5 53.Be4 Ng8 54.f5 Nf6 55.Bf3 Kd7 56.Ke5 Ke7 57.Kf4 Nd7
58.Bxh5 Kf6 59.Bf3 Nc5 60.h5 Nb3 61.Bxc6 Nxa5 62.Bd5 b5 63.h6 b4 64.Ke4  1-0

[Event "Schneider mem"]
[Site "Budapest"]
[Date "1994.??.??"]
[Round "?"]
[White "Burmakin, Vladimir"]
[Black "Galanov, Boris"]
[Result "1-0"]
[WhiteElo "2530"]
[BlackElo "2435"]

1.d4 Nf6 2.Nf3 g6 3.c4 Bg7 4.Nc3 O-O 5.e4 d6 6.Be2 e5 7.dxe5 dxe5 8.Bg5 Nbd7
9.h3 c6 10.b4 Qc7 11.O-O Re8 12.Qb3 Nf8 13.Rfd1 Ne6 14.Be3 Nh5 15.Bf1 Qe7
16.b5 Qf6 17.bxc6 bxc6 18.Qa4 Nef4 19.Nd5 Nxd5 20.cxd5 Bd7 21.Rac1 Rec8 22.Bg5 Qd6
23.dxc6 Bxc6 24.Rxc6 Qxc6 25.Rd8+ Rxd8 26.Qxc6 Rac8 27.Qa6 Re8 28.Bb5 Rf8
29.Bc4 h6 30.Be3 Kh7 31.Bxf7 Bf6 32.Nxe5  1-0

[Event "Budapest FS05 IM"]
[Site "Budapest"]
[Date "1994.??.??"]
[Round "2"]
[White "Piven, Igor"]
[Black "Drozdov, Igor"]
[Result "1-0"]
[WhiteElo "2340"]
[BlackElo "2410"]

1.c4 Nf6 2.Nf3 g6 3.Nc3 Bg7 4.e4 d6 5.d4 O-O 6.Be2 e5 7.dxe5 dxe5 8.Qxd8 Rxd8
9.Bg5 Nbd7 10.O-O-O Rf8 11.Nd5 c6 12.Ne7+ Kh8 13.Be3 Re8 14.Nxc8 Raxc8 15.g4 Nf8
16.Nd2 Ne6 17.g5 Nd7 18.Nb3 Rc7 19.Bg4 Bf8 20.Bxe6 Rxe6 21.Rd3 Rd6 22.Rhd1 Rxd3
23.Rxd3 Be7 24.f4 b6 25.f5 f6 26.h4 Kg7 27.Kd1 Nb8 28.c5 Rd7 29.Ke2 Rxd3
30.Kxd3 Nd7 31.Kc4 Kf7 32.cxb6 axb6 33.a4 Bd8 34.Nd2 Ke7 35.b4 Kd6 36.b5 Be7
37.Nf3 Kc7 38.h5 fxg5 39.fxg6 hxg6 40.hxg6 cxb5+ 41.Kxb5 Bf6 42.Bxg5 Bxg5
43.Nxg5 Nf6 44.g7  1-0

[Event "Budapest Spring op"]
[Site "Budapest"]
[Date "1994.??.??"]
[Round "2"]
[White "Lavrov, Andrey"]
[Black "Blasovszky, Istvan"]
[Result "1-0"]
[WhiteElo "2355"]
[BlackElo "2220"]

1.d4 Nf6 2.c4 g6 3.Nc3 Bg7 4.e4 d6 5.Nf3 O-O 6.Be2 Nbd7 7.O-O e5 8.d5 Nc5
9.Qc2 a5 10.Bg5 h6 11.Be3 Nh5 12.g3 Bh3 13.Rfe1 f5 14.Nh4 Qf6 15.Bxh5 gxh5
16.Bxc5 dxc5 17.exf5 Bxf5 18.Qxf5 Qxf5 19.Nxf5 Rxf5 20.Nb5 Rf7 21.Rad1 Rd8
22.Re4 c6 23.Nc3 Rfd7 24.Kg2 cxd5 25.Rxd5 Rxd5 26.Nxd5 Kf7 27.a4 Bf6 28.Re3 Rd7
29.Rf3 Rd6 30.Kh3 Kg6 31.Rxf6+ Rxf6 32.Nxf6 Kxf6 33.Kh4 e4 34.Kxh5 Ke5 35.Kxh6 Kd4
36.g4 Kxc4 37.g5 Kb3 38.g6 Kxb2 39.g7 c4 40.g8=Q c3 41.Qg7  1-0

[Event "Budapest FS07 GM"]
[Site "Budapest"]
[Date "1994.??.??"]
[Round "4"]
[White "Eriksson, Anders"]
[Black "Szekely, Peter"]
[Result "1/2-1/2"]
[WhiteElo "2315"]
[BlackElo "2490"]

1.c4 g6 2.Nc3 Bg7 3.d4 Nf6 4.e4 d6 5.Nf3 O-O 6.Be2 e5 7.Be3 exd4 8.Nxd4 c6
9.f3 Nbd7 10.Nb3 Ne5 11.Bd4 Re8 12.O-O b6 13.Kh1 Qe7 14.f4 Ned7 15.Bf3 Bb7
16.Re1 Rad8 17.Qc2 h6 18.g3 Ba8 19.Rad1 Qf8 20.Bg1 Nb8 21.Qg2 Bb7 22.Re2 Ba6
23.Nd2 Nfd7 24.Re3 Bc8 25.Nb3 Nf6 26.Red3 Be6 27.Nd2 Nfd7 28.b4 a5 29.a3 axb4
30.axb4 Na6 31.Rb1 c5 32.Na2 b5 33.Ra3 Nxb4 34.Nxb4 cxb4 35.Rxb4 bxc4 36.f5 gxf5
37.exf5 Bxf5 38.Rxc4 Ne5 39.Rf4 Bg6 40.Bd5 Kh8 41.Nf3 Qe7  1/2-1/2

[Event "Budapest FS11 IM-A"]
[Site "Budapest"]
[Date "1994.??.??"]
[Round "5"]
[White "Kecskes, Gabor"]
[Black "Boros, Daniel"]
[Result "0-1"]
[WhiteElo "2110"]
[BlackElo "2260"]

1.d4 Nf6 2.c4 g6 3.Nc3 Bg7 4.e4 d6 5.Be2 O-O 6.Nf3 e5 7.Be3 Ng4 8.Bg5 f6
9.Bh4 g5 10.Bg3 Nh6 11.h3 Nc6 12.d5 Ne7 13.Nd2 f5 14.f3 Ng6 15.Qc2 Nf4 16.Bf1 fxe4
17.fxe4 g4 18.O-O-O Bd7 19.Kb1 a5 20.Nb5 a4 21.a3 Qb8 22.Bxf4 exf4 23.c5 Ra5
24.c6 bxc6 25.dxc6 Be6 26.Bc4 d5 27.exd5 Rxb5  0-1

[Event "Budapest Spring op"]
[Site "Budapest"]
[Date "1994.??.??"]
[Round "5"]
[White "Schoen, Wolfram"]
[Black "Horvath, Csaba"]
[Result "0-1"]
[WhiteElo "2390"]
[BlackElo "2535"]

1.d4 d6 2.c4 e5 3.Nf3 Nd7 4.Nc3 Ngf6 5.e4 g6 6.Be2 Bg7 7.O-O O-O 8.Be3 h6
9.h3 exd4 10.Nxd4 Re8 11.Qc2 Nc5 12.Bf3 Nh7 13.b4 Ne6 14.Rad1 a5 15.a3 axb4
16.axb4 Qh4 17.Nxe6 Bxe6 18.Nb5 Re7 19.Nd4 Bd7 20.Ne2 Ba4 21.Qa2 Ree8 22.Rd5 Bc6
23.Ra5 Rxa5 24.Qxa5 b6 25.Qa7 Qe7 26.Qa2 Bxe4 27.Bxe4 Qxe4 28.c5 dxc5 29.bxc5 b5
30.Rd1 Nf8 31.Nd4 Rd8 32.Qa1 Kh7 33.Rd2 Ne6 34.Nxe6 Bxa1 35.Nxd8 b4 36.Rd7 b3
37.Nxf7 Bg7 38.Bxh6 Qe1+ 39.Kh2 Bxh6 40.Ne5+ Kg8 41.Rd8+ Kg7 42.Rd7+ Kf6
43.Rf7+ Ke6  0-1

[Event "Budapest Spring op"]
[Site "Budapest"]
[Date "1994.??.??"]
[Round "6"]
[White "Brumen, Dinko"]
[Black "Vigh, Bela"]
[Result "0-1"]
[WhiteElo "2315"]
[BlackElo "2405"]

1.d4 g6 2.c4 Bg7 3.Nc3 d6 4.Nf3 Nf6 5.e4 O-O 6.Be2 e5 7.dxe5 dxe5 8.Qxd8 Rxd8
9.Bg5 Re8 10.Nd5 Nxd5 11.cxd5 c6 12.Bc4 cxd5 13.Bxd5 Na6 14.O-O-O Nc7 15.Bb3 a5
16.a3 a4 17.Ba2 Be6 18.Bxe6 Nxe6 19.Be3 b5 20.Kb1 Rab8 21.Rd3 b4 22.Ka2 Nf4
23.Rd7 bxa3 24.bxa3 Ne2 25.Rc7 Rec8 26.Rb1 Ra8 27.Rxc8+ Rxc8 28.Bd2 f5 29.Rb4 Nd4
30.Be3 fxe4 31.Nxd4 exd4 32.Bxd4 Bxd4 33.Rxd4 Rc2+ 34.Kb1 Rxf2 35.Rxe4 Rxg2
36.h4 h5 37.Rxa4 Rg4 38.Rb4 g5 39.Rb8+ Kg7 40.hxg5 h4 41.Kc2 h3 42.Rb1 Kg6
43.Kb3 Kxg5 44.Rh1 Kh4 45.a4 Kg3 46.Rc1 h2 47.a5 Kh3 48.a6 Rg1 49.Rc6 Kg4
50.a7 h1=Q 51.a8=Q Rb1+ 52.Kc4 Qe4+ 53.Kc5 Qe5+ 54.Kc4 Qb5+ 55.Kd4 Rd1+  0-1

[Event "Budapest FS09 GM"]
[Site "Budapest"]
[Date "1994.??.??"]
[Round "7"]
[White "Hoffmann, Michael"]
[Black "Knuth, Hannes"]
[Result "1-0"]
[WhiteElo "2470"]
[BlackElo "2350"]

1.d4 Nf6 2.c4 g6 3.Nc3 Bg7 4.e4 d6 5.Nf3 O-O 6.Be2 e5 7.d5 a5 8.Bg5 h6 9.Bh4 Qe8
10.Nd2 Nh7 11.a3 b6 12.Nb5 Qd7 13.b4 Bf6 14.Bxf6 Nxf6 15.O-O axb4 16.axb4 Rxa1
17.Qxa1 Na6 18.f4 Qe7 19.fxe5 dxe5 20.Qa3 Kg7 21.Rb1 Ne8 22.Na7 Bb7 23.c5 bxc5
24.Bxa6 cxb4 25.Qa5 Bxa6 26.Qxa6 Qc5+ 27.Kh1 Nf6 28.Nc6 Ng4 29.h3 Nf2+ 30.Kh2 Qe3
31.Qa2 h5 32.Nc4 Qxe4 33.N4xe5 f6 34.Rxb4 Qe1 35.Nf3 Qh1+ 36.Kg3 Nd1 37.Re4 Nc3
38.Re7+ Rf7 39.Rxf7+ Kxf7 40.Qc4 h4+ 41.Qxh4  1-0

[Event "Budapest FS03 IM-A"]
[Site "Budapest"]
[Date "1994.??.??"]
[Round "7"]
[White "Hoang Than Trang"]
[Black "Grabics, Monika"]
[Result "1/2-1/2"]
[WhiteElo "2260"]
[BlackElo "2295"]

1.d4 Nf6 2.c4 g6 3.Nc3 Bg7 4.e4 d6 5.Nf3 O-O 6.Be2 e5 7.dxe5 dxe5 8.Qxd8 Rxd8
9.Nd5 Nxd5 10.cxd5 c6 11.Bc4 cxd5 12.Bxd5 Na6 13.Bg5 Re8 14.O-O-O Nb4 15.Bb3 Bg4  1/2-1/2

[Event "Budapest FS08 IM"]
[Site "Budapest"]
[Date "1994.??.??"]
[Round "7"]
[White "Petran, Pal"]
[Black "Joecks, Christian"]
[Result "1/2-1/2"]
[WhiteElo "2480"]
[BlackElo "2340"]

1.d4 Nf6 2.c4 g6 3.Nc3 Bg7 4.e4 d6 5.Be2 O-O 6.Nf3 e5 7.d5 a5 8.Bg5 h6 9.Bh4 Na6
10.Nd2 Qe8 11.O-O Bd7 12.b3 Nh7 13.a3 f5 14.exf5 gxf5 15.Bh5 Qc8 16.Be7 Re8
17.Bh4 Rf8 18.Rb1 Nf6 19.Be2 Qe8 20.b4 axb4 21.axb4 Qg6 22.Kh1 e4 23.Rg1 Rae8
24.Rb3 e3 25.fxe3 Rxe3 26.Nf1 Ree8 27.h3 f4 28.Nb5 Re5 29.Nd4 Ba4 30.Bd3 Qh5
31.Qxh5 Rxh5 32.Ra3 Rxh4 33.Nf3 Rh5 34.Rxa4 Ng4 35.Bg6 Nf2+ 36.Kh2 Ng4+ 37.Kh1  1/2-1/2

[Event "Budapest FS09 GM"]
[Site "Budapest"]
[Date "1994.??.??"]
[Round "8"]
[White "Knuth, Hannes"]
[Black "Olesen, Martin"]
[Result "0-1"]
[WhiteElo "2350"]
[BlackElo "2320"]

1.d4 Nf6 2.c4 g6 3.Nc3 Bg7 4.e4 d6 5.Be2 O-O 6.Nf3 e5 7.O-O Na6 8.Re1 Qe8
9.d5 Nc5 10.Bf1 a5 11.Bg5 h6 12.Bxf6 Bxf6 13.Nb5 Qe7 14.b3 Bg5 15.h4 Bf6
16.a3 Bg4 17.g3 Bg7 18.b4 f5 19.exf5 axb4 20.axb4 Bxf3 21.Qxf3 Rxa1 22.Rxa1 Na6
23.Bh3 gxf5 24.Re1 e4 25.Qf4 Qf6 26.Rb1 Qg6 27.Bg2 Be5 28.Qe3 c6 29.Nc3 c5
30.bxc5 Bxc3 31.cxd6 Qg7 32.Qa7 Bd4 33.Qxb7 Qxg3 34.Qe7 Bxf2+ 35.Kh1 Qxh4+
36.Qxh4 Bxh4 37.Rb7 Rd8 38.Rb6 Nc5 39.Kg1 Bg3 40.d7 Nxd7 41.Rg6+ Kf7 42.Rxg3 Kf6
43.Ra3 Ke5 44.Ra6 Nc5 45.Rxh6 f4 46.Kf2 Ra8 47.Rh5+ Kd4 48.d6 Nd3+ 49.Kg1 f3
50.d7 Kxc4 51.Bxf3 exf3 52.Rf5 f2+ 53.Kf1 Ra1+ 54.Ke2 Ra8 55.Rf7 Rd8 56.Re7 Kd4
57.Rf7 Ke4  0-1

[Event "Budapest FS11 IM-A"]
[Site "Budapest"]
[Date "1994.??.??"]
[Round "10"]
[White "Csonkics, Tunde"]
[Black "Peter, Ambrus"]
[Result "0-1"]
[WhiteElo "2320"]
[BlackElo "2315"]

1.d4 Nf6 2.c4 g6 3.Nc3 Bg7 4.e4 O-O 5.Nf3 d6 6.Be2 Nbd7 7.O-O e5 8.d5 Nc5
9.Qc2 a5 10.Be3 Ng4 11.Bxc5 dxc5 12.Nd2 Nh6 13.a3 f5 14.Rab1 Kh8 15.b4 axb4
16.axb4 cxb4 17.Rxb4 fxe4 18.Ndxe4 Nf5 19.c5 Nd4 20.Qd1 Qh4 21.f3 Bh6 22.Qd3 Nf5
23.g3 Qd8 24.Kh1 Ra3 25.Rfb1 Nd4 26.Qd1 Qd7 27.Rxd4 exd4 28.Qxd4+ Bg7 29.Qb4 Ra8
30.d6 cxd6 31.cxd6 Qf5 32.Rd1 Bd7 33.Qxb7 Rac8 34.Nd5 Ba4 35.Ne7 Qh3 36.Ng5 Bxd1
37.Nxh3 Bxe2 38.Kg2 Rc1  0-1

[Event "Budapest FS04 IM-B"]
[Site "Budapest"]
[Date "1994.??.??"]
[Round "13"]
[White "Peredy, Ferenc"]
[Black "Rajcsanyi, Zita"]
[Result "1/2-1/2"]
[WhiteElo "2190"]
[BlackElo "2260"]

1.d4 Nf6 2.c4 g6 3.Nc3 Bg7 4.e4 O-O 5.Nf3 d6 6.Be2 e5 7.Bg5 h6 8.Bh4 Nc6
9.dxe5 dxe5 10.Qxd8 Rxd8 11.Bxf6 Bxf6 12.Nd5 Bg7 13.Nxc7 Rb8 14.Nd5 Be6 15.O-O f5
16.Bd3 b5 17.cxb5 Bxd5 18.bxc6 Bxc6 19.Bc4+ Kh7 20.exf5 Bxf3 21.fxg6+ Kxg6
22.gxf3 Rxb2 23.Rab1  1/2-1/2

[Event "Budapest FS04 IM (Women)"]
[Site "Budapest"]
[Date "1994.??.??"]
[Round "13"]
[White "Mackova, Eva"]
[Black "Ladanyike Karakas, Eva"]
[Result "1/2-1/2"]
[WhiteElo "2150"]
[BlackElo "2075"]

1.d4 Nf6 2.c4 g6 3.Nc3 Bg7 4.e4 d6 5.Nf3 O-O 6.Be2 e5 7.dxe5 dxe5 8.Qxd8 Rxd8
9.Be3 c6 10.O-O Nbd7 11.Rfd1 Re8 12.h3 Nf8 13.Rac1 Nh5 14.a3 Ne6 15.b4 Nhf4  1/2-1/2